000 00664nam a2200217Ia 4500
003 GCL
008 140319s9999 xx 000 0 eng d
040 _aGCL /
_cGCL
082 0 4 _a792.943
_bF G
100 1 _aFRIEDRICH VERLAG
245 1 0 _aGERMAN THEATRE TODAY: PLAYS, PRODUCERS, ACTORS, BUILDING 1960 - 67: A SELECTION FROM THE PERIODICAL THEATER HEUTE /
_cFRIEDRICH VERLAG
260 _a[S.N] :
_bFRIEDRICH VERLAG ،
_c1967
300 _a201
650 0 4 _aTHEATER
650 0 4 _aGERMAN - PLAYS
650 0 4 _aACTORS - GERMAN
650 0 4 _aGERMAN - PRODUCERS
650 0 4 _aBUILDING - GERMAN
650 0 4 _aGERMAN - THEATER, 1960 : 1967
942 _2ddc
_cBK
999 _c15579
_d15579